000 00740cam a2200241 4500
001 ABS65483
008 020524n2002 000 0 eng u
035 _a(Sirsi) u118124
245 _aFocus 2002: Hertfordshire
260 _c2002
490 _aEstates Gazette
_v(0218) 4 May 2002, 69-99(13)
590 _aABS
650 _aPROPERTY-COMMERCIAL PROPERTY-RETAIL PROPERTY-RETAIL PROPERTY MARKET
650 _aLEISURE MARKET
650 _aPROPERTY-COMMERCIAL PROPERTY-OFFICE PROPERTY-OFFICE PROPERTY MARKET
650 _aINDUSTRIAL MARKET
650 _aWATFORD
650 _aHERTFORDSHIRE
650 _aHATFIELD
650 _aHEMEL HEMPSTEAD
690 _aPROPERTY-COMMERCIAL PROPERTY-COMMERCIAL PROPERTY MARKET
942 _n0
999 _c70344
_d70344